000 00613nam a22002297a 4500
003 UA-OsUOA
001 41907
007 ta
008 20061017b un ||||| |||| 00| 0 ukr d
100 _aМанн Т.
090 _a821.112.2
_bМ23
942 _cBK
040 _aUA-OsUOA
_brus
_cUA-OsUOA
_dUA-OsUOA
245 _aЛотта в Веймаре
300 _a288 с.
955 _a3
041 _arus
080 _a821.112.2
260 _aСПб
_bХудожественная литература
_c1990
650 7 _a82 Література. Літературознавство
_2UDC
999 _c328044
_d328044